| 000 | 00782nam a22001937a 4500 | ||
|---|---|---|---|
| 999 |
_c371154 _d371154 |
||
| 008 | 201127b ||||| |||| 00| 0 eng d | ||
| 040 |
_aDE-2950 _bger _cDE-2950 _erda |
||
| 041 | _ager | ||
| 100 | _aKannenberg, Heinz: | ||
| 245 |
_aStadt und Staatsorchester investieren in die Konzerthalle. _bKultur: Die Spielstätte des BSOF ist in die Jahre gekommen. Doch die Chancen für einen Neustart stehen inzwischen gar nicht so schlecht / _cHeinz Kannenberg |
||
| 264 | _c2021 | ||
| 653 | _aFrankfurt (Oder) | ||
| 653 | _aKonzerthalle | ||
| 773 |
_dFrankfurt (Oder) Märkisches Verlags- und Druckhaus GmbH & Co KG _tMärkische Oderzeitung _g32. Jahrgang (2021) Nr. 278 vom 27./28.11.2021, S. 17 |
||
| 942 | _cA | ||